000
00222nam a22000977a 4500
999
_c
509246
_d
509246
082
_a
L:1x5453 K45
245
_a
Budget, Kerala, 1975-76
260
_a
Trivandrum
_b
Government of Kerala
_c
1976
300
_a
v.p.
942
_2
ddc